Organizační struktura podniku v tržním hospodářství.
Základné vplyvy prostredia na organizačnú štruktúru podniku. Charakteristika konfigurácie organizačných štruktúr: jednoduchej organizácie, priemyslovej byrokracie, expertokracie, divizionalizácie, adhokracie. Reakcia štruktúry podniku na prostredie a požiadavky na jeho pružnosť.
Guardado en:
| Autor principal: | |
|---|---|
| Formato: | Capítulo de libro |
| Lenguaje: | checo |
| Materias: | |
| Etiquetas: |
Sin Etiquetas, Sea el primero en etiquetar este registro!
|
MARC
| LEADER | 00000naa a2200000 4500 | ||
|---|---|---|---|
| 001 | r010651 | ||
| 005 | 20220831090700.1 | ||
| 041 | 0 | |a cze | |
| 044 | |a [CS] | ||
| 245 | 1 | 0 | |a Organizační struktura podniku v tržním hospodářství. |c J. Dědina |
| 520 | |a Základné vplyvy prostredia na organizačnú štruktúru podniku. Charakteristika konfigurácie organizačných štruktúr: jednoduchej organizácie, priemyslovej byrokracie, expertokracie, divizionalizácie, adhokracie. Reakcia štruktúry podniku na prostredie a požiadavky na jeho pružnosť. | ||
| 610 | 2 | 0 | |a štruktúra podniku organizačná |
| 610 | 2 | 0 | |a hospodárstvo trhové |
| 100 | 1 | |a Dědina, Jiří | |